<?xml version="1.0" encoding="UTF-8"?>
<record
    xmlns:xsi="http://www.w3.org/2001/XMLSchema-instance"
    xsi:schemaLocation="http://www.loc.gov/MARC21/slim http://www.loc.gov/standards/marcxml/schema/MARC21slim.xsd"
    xmlns="http://www.loc.gov/MARC21/slim">

  <leader>00415    a2200133   4500</leader>
  <controlfield tag="005">20250902112337.0</controlfield>
  <datafield tag="020" ind1=" " ind2=" ">
    <subfield code="a">9789357468558</subfield>
  </datafield>
  <datafield tag="084" ind1=" " ind2=" ">
    <subfield code="2">CC</subfield>
    <subfield code="a">zobT:5(N20aY:1),5</subfield>
  </datafield>
  <datafield tag="100" ind1=" " ind2=" ">
    <subfield code="a">NEERAJ RAO &amp; ANUTOSH</subfield>
    <subfield code="9">1035</subfield>
  </datafield>
  <datafield tag="245" ind1=" " ind2=" ">
    <subfield code="a"> Journey Through Indian Art &amp; Culture : For UPSC Civil Services and State Services Examinations 2025</subfield>
  </datafield>
  <datafield tag="260" ind1=" " ind2=" ">
    <subfield code="b">Wiley India Pvt Ltd,</subfield>
    <subfield code="c">2024,</subfield>
    <subfield code="a">New Delhi</subfield>
  </datafield>
  <datafield tag="300" ind1=" " ind2=" ">
    <subfield code="a">603p,</subfield>
  </datafield>
  <datafield tag="942" ind1=" " ind2=" ">
    <subfield code="c">REF</subfield>
    <subfield code="2">CC</subfield>
  </datafield>
  <datafield tag="999" ind1=" " ind2=" ">
    <subfield code="c">750188</subfield>
    <subfield code="d">750188</subfield>
  </datafield>
  <datafield tag="952" ind1=" " ind2=" ">
    <subfield code="0">0</subfield>
    <subfield code="1">0</subfield>
    <subfield code="2">CC</subfield>
    <subfield code="4">0</subfield>
    <subfield code="7">0</subfield>
    <subfield code="8">REF</subfield>
    <subfield code="a">LIB</subfield>
    <subfield code="b">LIB</subfield>
    <subfield code="c">REF</subfield>
    <subfield code="d">2025-07-28</subfield>
    <subfield code="e">1</subfield>
    <subfield code="g">656.25</subfield>
    <subfield code="l">0</subfield>
    <subfield code="o">zobT:5(N20aY:1),5  R4 (R)</subfield>
    <subfield code="p">325089</subfield>
    <subfield code="r">2025-07-28 00:00:00</subfield>
    <subfield code="v">875.00</subfield>
    <subfield code="w">2025-07-28</subfield>
    <subfield code="y">REF</subfield>
  </datafield>
  <datafield tag="952" ind1=" " ind2=" ">
    <subfield code="0">0</subfield>
    <subfield code="1">0</subfield>
    <subfield code="2">ddc</subfield>
    <subfield code="4">0</subfield>
    <subfield code="7">1</subfield>
    <subfield code="8">NFIC</subfield>
    <subfield code="a">USCA</subfield>
    <subfield code="b">USCA</subfield>
    <subfield code="d">2025-09-15</subfield>
    <subfield code="e">MBC/0333/2025 dated 12/09/2025</subfield>
    <subfield code="g">875.00</subfield>
    <subfield code="l">0</subfield>
    <subfield code="o">709.54 RAO/IN</subfield>
    <subfield code="p">USCA6433</subfield>
    <subfield code="r">2025-11-03 08:47:18</subfield>
    <subfield code="w">2025-11-03</subfield>
    <subfield code="y">REF</subfield>
  </datafield>
</record>
